000 00320nam a22001217a 4500
040 _cHS
082 _a338
100 _aបូរ៉ា ធីកា
245 _aសេដ្ឋកិច្ចអភិវឌ្ឍន៍ជនបទ
260 _aRUA
_bបូរ៉ា ធីកា
_c2011
300 _a111p;
942 _cKB
999 _c9698
_d9698